000 01128nam a2200277 4500
001 0000014068
003 CO-CtgCURN
005 20250331184423.0
007 ta
008 160627s2002 000 0 eng d
020 _a9586761800
040 _aCO-CtgCURN
_bspa
_ccoctgcurn
082 0 _a342.068
_bC386c
245 0 0 _aCódigo disciplinario unico :
_bley 734 de 2002.
260 _aBogotá :
_bEdiciones Doctrina y Ley,
_c2002.
300 _a134 p.
336 _2rdacontent
337 _2rdamedia
_asin mediacion
_bn
338 _2rdacarrier
_avolumen
_bnc
500 _aIncluye indice.
505 8 _aPrincipios rectores de la ley disciplinaria.--La ley disciplinaria.--Derechos, deberes, prohibiciones, incompatibilidades, impedimentos, inhabilidades y conflictos de intereses del servidor publico.--La descripcion de las faltas disciplinarias en particular.--Procedimiento disciplinario.--Del regimen de los funcionarios de la rama judicial
650 1 4 _aLey 734 de 2002.
908 _a160627
942 _cBK
_h342.068
_iC386c
_2ddc
999 _c19117
_d19117